The clever servant

Bibliographic Details
Main Author: Kumara Velu
Format: Book
Published: Selangor : Pustaka permai , 2006
Series:Delight reading series
Subjects:

MARC

LEADER 00000cam a2200000 7i4500
001 0000001735
005 20220105103926.0
008 070706
020 |a 9833528007(set) 
020 |a 9833528058 
090 0 0 |a JP   |b ENG (1700) 
100 1 |a Kumara Velu 
245 1 4 |a The clever servant   |c Kumara Velu 
260 |a Selangor :   |b Pustaka permai ,   |c 2006 
440 |a Delight reading series 
500 |a Children age 4-6 years old (yellow) 
650 0 |a Children's stories,English 
999 |a 0000965612   |b Book   |c Children Collection   |e Cawangan Taman Universiti 
999 |a 0000965613   |b Book   |c Children Collection   |e Cawangan Bandar Tenggara 
999 |a 0000965615   |b Book   |c Children Collection   |e Perbadanan Perpustakaan Awam Johor 
999 |a 0000965616   |b Book   |c Children Collection   |e Perbadanan Perpustakaan Awam Johor